000
00310nam a22001337a 4500
008
180919b xxu||||| |||| 00| 0 eng d
020
_a
0397509634
041
_a
eng
080
_a
610
100
_a
5
101
_a
ANE
245
_a
Manual Complications During Anesthesia
_c
Gravenstein.N
942
_2
udc
_c
BK
999
_c
48039
_d
48039